|
|
|
|
| LEADER |
00000cam a2200000 7i4500 |
| 001 |
0000094005 |
| 005 |
20240730142301.0 |
| 020 |
|
|
|a 9789672935681 (
|q paperback)
|
| 040 |
|
|
|e rda
|
| 041 |
|
|
|a English
|
| 090 |
0 |
0 |
|a JF
|b ENG
|
| 100 |
0 |
|
|a Lee, Jia Jun ,
|e (author)
|
| 245 |
1 |
0 |
|a Fire and the robbery
|c Lee Jia Jun
|
| 264 |
|
1 |
|a Selangor :
|b Timba ilmu
|c 2024
|
| 300 |
|
|
|a 49 pages :
|b colour illustration ;
|c 21 cm.
|
| 336 |
|
|
|a text
|2 rdacontent
|
| 337 |
|
|
|a unmediated
|2 rdamedia
|
| 338 |
|
|
|a volume
|2 rdacarrier
|
| 490 |
1 |
|
|a Influental readers
|
| 500 |
|
|
|a Children ages 10-12 years old (pink)
|
| 541 |
|
|
|c Purchased on 2024
|f 2302/24 IFN
|h RM23.50
|
| 650 |
|
0 |
|a Children stories, English
|
| 650 |
|
0 |
|a Comic books, strips, etc.
|
| 730 |
0 |
|
|a Title
|
| 999 |
|
|
|a 0001765727
|b Book
|c Children Collection
|e Perbadanan Perpustakaan Awam Johor
|
| 999 |
|
|
|a 0001765728
|b Book
|c Children Collection
|e Cawangan Urban Transformation Centre
|
| 999 |
|
|
|a 0001765729
|b Book
|c Children Collection
|e Cawangan AEON Kulaijaya
|
| 999 |
|
|
|a 0001765730
|b Book
|c Children Collection
|e Cawangan Mersing
|
| 999 |
|
|
|a 0001765731
|b Book
|c Children Collection
|e Cawangan Kota Tinggi
|
| 999 |
|
|
|a 0001765732
|b Book
|c Children Collection
|e Cawangan Tangkak
|
| 999 |
|
|
|a 0001765733
|b Book
|c Children Collection
|e Cawangan Tmn. Ungku Tun Aminah
|
| 999 |
|
|
|a 0001765734
|b Book
|c Children Collection
|e Cawangan Batu Pahat
|
| 999 |
|
|
|a 0001765735
|b Book
|c Children Collection
|e Cawangan Pontian
|
| 999 |
|
|
|a 0001765736
|b Book
|c Children Collection
|e Perbadanan Perpustakaan Awam Johor
|
| 999 |
|
|
|a 0001765737
|b Book
|c Children Collection
|e Cawangan Segamat
|
| 999 |
|
|
|a 0001765738
|b Book
|c Children Collection
|e Cawangan Muar
|
| 999 |
|
|
|a 0001765739
|b Book
|c Children Collection
|e Cawangan Taman Universiti
|
| 999 |
|
|
|a 0001765740
|b Book
|c Children Collection
|e Perbadanan Perpustakaan Awam Johor
|
| 999 |
|
|
|a 0001765779
|b Book
|c Children Collection
|e Cawangan Bukit Gambir
|
| 999 |
|
|
|a 0001765780
|b Book
|c Children Collection
|e Cawangan Bandar Tenggara
|
| 999 |
|
|
|a 0001765781
|b Book
|c Children Collection
|e Cawangan Bandar Penawar
|
| 999 |
|
|
|a 0001767386
|b Book
|c Children Collection
|e Desa - PPAJ
|
| 999 |
|
|
|a 0001767387
|b Book
|c Children Collection
|e Desa - PPAJ
|
| 999 |
|
|
|a 0001767388
|b Book
|c Children Collection
|e Desa - PPAJ
|
| 999 |
|
|
|a 0001767389
|b Book
|c Children Collection
|e Desa - PPAJ
|
| 999 |
|
|
|a 0001767390
|b Book
|c Children Collection
|e Desa - PPAJ
|
| 999 |
|
|
|a 0001767391
|b Book
|c Children Collection
|e Desa - PPAJ
|
| 999 |
|
|
|a 0001767392
|b Book
|c Children Collection
|e Desa - PPAJ
|
| 999 |
|
|
|a 0001767393
|b Book
|c Children Collection
|e Desa - PPAJ
|
| 999 |
|
|
|a 0001767394
|b Book
|c Children Collection
|e Desa - PPAJ
|
| 999 |
|
|
|a 0001767395
|b Book
|c Children Collection
|e Desa - PPAJ
|
| 999 |
|
|
|a 0001767396
|b Book
|c Children Collection
|e Desa - PPAJ
|
| 999 |
|
|
|a 0001767397
|b Book
|c Children Collection
|e Desa - PPAJ
|
| 999 |
|
|
|a 0001767398
|b Book
|c Children Collection
|e Desa - PPAJ
|
| 999 |
|
|
|a 0001767399
|b Book
|c Children Collection
|e Desa - PPAJ
|
| 999 |
|
|
|a 0001767400
|b Book
|c Children Collection
|e Desa - PPAJ
|
| 999 |
|
|
|a 0001767401
|b Book
|c Children Collection
|e Desa - PPAJ
|
| 999 |
|
|
|a 0001767402
|b Book
|c Children Collection
|e Desa - PPAJ
|
| 999 |
|
|
|a 0001767403
|b Book
|c Children Collection
|e Desa - PPAJ
|
| 999 |
|
|
|a 0001767404
|b Book
|c Children Collection
|e Desa - PPAJ
|
| 999 |
|
|
|a 0001767405
|b Book
|c Children Collection
|e Desa - PPAJ
|
| 999 |
|
|
|a 0001767406
|b Book
|c Children Collection
|e Desa - PPAJ
|
| 999 |
|
|
|a 0001767407
|b Book
|c Children Collection
|e Desa - PPAJ
|
| 999 |
|
|
|a 0001767408
|b Book
|c Children Collection
|e Desa - PPAJ
|
| 999 |
|
|
|a 0001767409
|b Book
|c Children Collection
|e Desa - PPAJ
|
| 999 |
|
|
|a 0001767410
|b Book
|c Children Collection
|e Desa - PPAJ
|
| 999 |
|
|
|a 0001767411
|b Book
|c Children Collection
|e Desa - PPAJ
|
| 999 |
|
|
|a 0001767412
|b Book
|c Children Collection
|e Desa - PPAJ
|
| 999 |
|
|
|a 0001767413
|b Book
|c Children Collection
|e Desa - PPAJ
|
| 999 |
|
|
|a 0001767414
|b Book
|c Children Collection
|e Desa - PPAJ
|
| 999 |
|
|
|a 0001767415
|b Book
|c Children Collection
|e Desa - PPAJ
|
| 999 |
|
|
|a 0001767416
|b Book
|c Children Collection
|e Desa - PPAJ
|
| 999 |
|
|
|a 0001767417
|b Book
|c Children Collection
|e Desa - PPAJ
|
| 999 |
|
|
|a 0001767418
|b Book
|c Children Collection
|e Desa - PPAJ
|
| 999 |
|
|
|a 0001767419
|b Book
|c Children Collection
|e Desa - PPAJ
|
| 999 |
|
|
|a 0001767420
|b Book
|c Children Collection
|e Desa - PPAJ
|
| 999 |
|
|
|a 0001767421
|b Book
|c Children Collection
|e Desa - PPAJ
|
| 999 |
|
|
|a 0001767422
|b Book
|c Children Collection
|e Desa - PPAJ
|
| 999 |
|
|
|a 0001767423
|b Book
|c Children Collection
|e Desa - PPAJ
|
| 999 |
|
|
|a 0001767424
|b Book
|c Children Collection
|e Desa - PPAJ
|
| 999 |
|
|
|a 0001767425
|b Book
|c Children Collection
|e Desa - PPAJ
|
| 999 |
|
|
|a 0001767426
|b Book
|c Children Collection
|e Desa - PPAJ
|